000 00359nam a2200145Ia 4500
008 230711s9999||||xx |||||||||||||| ||und||
041 _aENG
082 _a624
_bKU-F
100 _aKurian,Nainan P
245 0 _aDesign of foundation systems
250 _a1st
260 _c1994
_aNew Delhi
_bOxford University Press
650 _aCivil Engineering
942 _cBK
999 _c3105
_d3105